Podnikový controlling nástroj manažmentu

Enregistré dans:
Détails bibliographiques
Auteur principal: Chodasová, Zuzana
Format: Livre
Langue:slovaque
Publié: Bratislava STATIS 2012
Collection:Ekonomika firmy
Sujets:
Tags: Ajouter un tag
Pas de tags, Soyez le premier à ajouter un tag!

MARC

LEADER 00000nam a2200000 4500
001 0227113
005 20230109114758.3
020 |a 978-80-85659-70-2 
041 0 |a slo 
044 |a SK 
245 1 0 |a Podnikový controlling  |b nástroj manažmentu  |c Zuzana Chodasová 
264 1 |a Bratislava  |b STATIS  |c 2012 
300 |a 161 s. 
490 1 |a Ekonomika firmy 
830 0 |a Ekonomika firmy 
610 2 0 |a kontroling podnikový 
610 2 0 |a manažment 
610 2 0 |a riadenie podnikové 
610 2 0 |a spracovanie dát 
610 2 0 |a kontroling vnútropodnikový 
610 2 0 |a zdroje informácií 
610 2 0 |a kalkulácia nákladov 
610 2 0 |a prieskum 
100 1 |a Chodasová, Zuzana